La Maledicció dels morts de gana / Sam Shepard ; traducció i pròleg de Xavier de Llorens i Xavier Luna
Descripción Física:
102 p. ; 18 cm
Colección:
Biblioteca teatral ; 69
MARC
| LEADER | 00000nam a2200000Ia 4500 | ||
|---|---|---|---|
| 001 | 8915 | ||
| 008 | 160829s1990 xx 000 0 cat d | ||
| 080 | |a L-1-254 | ||
| 100 | |a Shepard, Sam |9 35699 | ||
| 245 | |a La Maledicció dels morts de gana / Sam Shepard ; traducció i pròleg de Xavier de Llorens i Xavier Luna | ||
| 260 | |a Barcelona : |b Institut del Teatre de la Diputació de Barcelona, |c 1990 | ||
| 300 | |a 102 p. ; |c 18 cm | ||
| 490 | |a Biblioteca teatral ; 69 | ||
| 700 | 1 | |a Llorens, Xavier de |9 35700 | |
| 700 | 1 | |a Luna, Xavier |9 35701 | |
| 710 | 1 | |a Institut del Teatre (Barcelona, Catalunya) |9 52662 | |
| 901 | |a Arxiu | ||
| 942 | |n 1 | ||
| 952 | |0 0 |1 0 |4 0 |6 L1254 |7 1 |9 47033 |a Arxiu |b Arxiu |d 2016-12-01 |l 0 |o L-1-254 |p 8915 |r 2016-12-01 00:00:00 |w 2016-12-01 |y ARXIU | ||
| 999 | |c 50826 |d 50826 | ||